Landmarks of Asian Countries #2 - Statistics

General Stats
  • This quiz has been taken 50 times
  • The average score is 14 of 20
Answer Stats
Landmark Country % Correct
The Great Wall China
100%
Hiroshima Peace Memorial Japan
97%
Genghis Khan Square Mongolia
95%
Petra Jordan
92%
Mekong Delta Vietnam
92%
Dome of the Rock Israel
89%
Indus River Delta Pakistan
86%
Mausoleum of Ruhollah Khomeini Iran
84%
Wat Phara Kaew Thailand
84%
Doha Corniche Qatar
78%
Kaaba Saudi Arabia
68%
Palm Islands United Arab emirates
68%
Ziggurat of Ur Iraq
59%
Temple of Artemis Turkey
59%
Kanchenjunga Nepal
51%
Shwedagon Pagoda Myanmar
46%
Mayon Volcano Philippines
43%
Mausoleum of Saladin Syria
43%
Byblos Castle Lebanon
24%
Noah’s Mausoleum Azerbaijan
16%
No matching quizzes found
Score Distribution
Percent of People with Each Score
Percentile by Number Answered
Your Score History
You have not taken this quiz